00490nam a2200097Ia 45000010005000000080041000050820030000461000102000762450166001782600048003443111241024s9999 xx 000 0 und d aRD/370.97293/R426a/5/2012 aRepública Dominicana.Ministerio de Educación, MINERD. Consejo Nacional de Educación. MINERD 0aActa de la 5ta. sesión ordinaria del 19 de diciembre del 2012, Asunto: Informe sobre Pruebas Nacionalesy sus innovaciones y avances de la revisión curricular bSanto Domingo, República Dominicanac2012